[Event "Mexican op 64th"]
[Site "Aguascalientes"]
[Date "2018.03.27"]
[Round "1"]
[White "Hernandez Guerrero, Gilberto Eduardo"]
[Black "Zorrilla Lavallade, Omar Augusto"]
[Result "1-0"]
[WhiteElo "2536"]
[BlackElo "2007"]
[PlyCount "54"]
[EventDate "2018.03.27"]
[EventType "swiss"]
[EventRounds "9"]
[EventCountry "MEX"]
[SourceTitle "EXT 2019"]
[Source "ChessBase"]
[SourceDate "2018.10.10"]
[SourceVersion "1"]
[SourceVersionDate "2018.10.10"]
[SourceQuality "1"]

1. e4 c6 2. Nc3 d5 3. Nf3 Bg4 4. h3 Bxf3 5. Qxf3 e6 6. d3 Nd7 7. Bd2 Ngf6 8. g4 Bd6 9. g5 Ne5 10. Qe2 d4 11. gxf6 dxc3 12. Bxc3 gxf6 13. 0-0-0 Ng6 14. Qf3 Bf4+ 15. Kb1 e5 16. d4 Qe7 17. d5 Rd8 18. h4 Bh6 19. Bh3 Nf4 20. dxc6 Nxh3 21. Rxd8+ Qxd8 22. Rd1 Qc7 23. Qxf6 Rg8 24. Bxe5 Bg7 25. Bxc7 Bxf6 26. cxb7 Ke7 27. e5 Ke8 1-0